000 02824cam a2200409 i 4500
001 18097308
003 OSt
005 20230907133851.0
008 140331t20152015enk b 001 0 eng
010 _a 2014002914
020 _a9780415544313 (hbk)
020 _a9781138042643
040 _aDLC
_beng
_cDLC
_erda
_dDLC
042 _apcc
050 0 0 _aPN86
_b.G684 2015
082 0 0 _a801.9509
_bGOU/L
084 _aLIT000000
_aLIT006000
_2bisacsh
100 1 _aGoulimari, Pelagia
_eauthor.
_99440
245 1 0 _aLiterary criticism and theory :
_bfrom Plato to postcolonialism /
_cPelagia Goulimari.
264 1 _aLondon ;
_aNew York :
_bRoutledge, Taylor & Francis Group,
_c2015.
264 4 _c©2015
300 _avi, 377 pages ;
_c24 cm
336 _atext
_2rdacontent
337 _aunmediated
_2rdamedia
338 _avolume
_2rdacarrier
504 _aIncludes bibliographical references (pages 340-362) and index.
504 _aIncludes bibliographical references and index.
520 _a"This incredibly useful volume offers an introduction to the history of literary criticism and theory from classical antiquity to the present. It is almost impossible to read or study literature without acknowledging its relationship to criticism and this guide shows how the two have been inextricable since Plato. Introducing theory and criticism through the texts themselves, Pelagia Goulimari examines: - A variety of key thinkers from Plato and Aristotle through to Foucault and Derrida - Topics and themes in the history of literary criticism such as mimesis and creation, inspiration, the emotions, reason, aesthetic, history, morality, ethics, culture and discourse - The main genres and movements in the history of literature including the epic, tragedy, comedy, romanticism, realism, modernism and postmodernism - Cross-historical connections between theories and theorists and the dissemination, appropriation and creative misunderstanding of concepts, ideas and arguments. With handy features such as a glossary, annotated further reading, descriptive text boxes and instructive marginalia this book is the ideal introduction to anyone approaching theory and criticism for the first time"--
_cProvided by publisher.
650 0 _aCriticism
_xHistory.
650 0 _aLiterature
_xHistory and criticism
_xTheory, etc.
650 0 _aLiterature
_xPhilosophy
_xHistory.
650 7 _aLITERARY CRITICISM / General.
_2bisacsh
650 7 _aLITERARY CRITICISM / Semiotics & Theory.
_2bisacsh
906 _a7
_bcbc
_corignew
_d1
_eecip
_f20
_gy-gencatlg
942 _2ddc
_cBK
_h801.9509
_iGOU/L
_k801.9509
_mGOU/L
999 _c42144
_d42144